| 000 -LEADER |
| fixed length control field |
00346nam a2200145Ia 4500 |
| 008 - FIXED-LENGTH DATA ELEMENTS--GENERAL INFORMATION |
| fixed length control field |
200103s9999||||xx |||||||||||||| ||und|| |
| 020 ## - INTERNATIONAL STANDARD BOOK NUMBER |
| International Standard Book Number |
0553349473, |
| 082 ## - DEWEY DECIMAL CLASSIFICATION NUMBER |
| Classification number |
Column-17 |
| 100 ## - MAIN ENTRY--PERSONAL NAME |
| Personal name |
Woram, John |
| 245 #4 - TITLE STATEMENT |
| Title |
The PC Configuration Handbook |
| 260 ## - PUBLICATION, DISTRIBUTION, ETC. (IMPRINT) |
| Name of publisher, distributor, etc |
Bantam Books, Toronto |
| Date of publication, distribution, etc |
1990 |
| 300 ## - PHYSICAL DESCRIPTION |
| Extent |
xxv, 729 |
| 942 ## - ADDED ENTRY ELEMENTS (KOHA) |
| Item type |
Books |